Didáctica de las ciencias naturales para la escuela primaria / módulo 2 (Record no. 13183)
[ view plain ]
| 000 -LEADER | |
|---|---|
| campo de control de longitud fija | 01084am a2200337a 44500 |
| 003 - IDENTIFICADOR DE NÚMERO DE CONTROL | |
| campo de control | AR-BaBNM |
| 005 - FECHA Y HORA DE LA ÚLTIMA TRANSACCIÓN | |
| campo de control | 20251128205906.0 |
| 008 - DATOS DE LONGITUD FIJA--INFORMACIÓN GENERAL | |
| campo de control de longitud fija | 048019s1994 #AR|||||||||||000 | spa|| |
| 020 ## - NÚMERO INTERNACIONAL ESTÁNDAR DEL LIBRO | |
| Número Internacional Estándar del Libro | 950-01-0534-9 |
| 040 ## - FUENTE DE CATALOGACIÓN | |
| Centro/agencia transcriptor | AR-BaBNM |
| 100 1# - ENTRADA PRINCIPAL--NOMBRE DE PERSONA | |
| Nombre de persona | Iaies, Gustavo Fabián |
| 245 10 - MENCIÓN DEL TÍTULO | |
| Título | Didáctica de las ciencias naturales para la escuela primaria / módulo 2 |
| 250 ## - MENCION DE EDICION | |
| Mención de edición | 1ª ed. |
| 260 ## - PUBLICACIÓN, DISTRIBUCIÓN, ETC. | |
| Lugar de publicación, distribución, etc. | Buenos Aires |
| Nombre del editor, distribuidor, etc. | Estrada |
| Fecha de publicación, distribución, etc. | 1994 |
| 300 ## - DESCRIPCIÓN FÍSICA | |
| Extensión | 94 p. |
| Otros detalles físicos | il. |
| Material acompañante/anejo | videos |
| 500 ## - NOTA GENERAL | |
| Nota general | Corresponde el texto al programa de capacitación docente dictado a través de Cable en el programa Educable |
| 500 ## - NOTA GENERAL | |
| Nota general | Tiene videos no. 701518 y 701515, solicitar en multimedia |
| 650 #4 - PUNTO DE ACCESO ADICIONAL DE MATERIA--TÉRMINO DE MATERIA | |
| Término de materia o nombre geográfico como elemento de entrada | ENSEÑANZA DE LA CIENCIA |
| 650 #4 - PUNTO DE ACCESO ADICIONAL DE MATERIA--TÉRMINO DE MATERIA | |
| Término de materia o nombre geográfico como elemento de entrada | CIENCIAS NATURALES |
| 650 #4 - PUNTO DE ACCESO ADICIONAL DE MATERIA--TÉRMINO DE MATERIA | |
| Término de materia o nombre geográfico como elemento de entrada | DIDACTICA |
| 650 #4 - PUNTO DE ACCESO ADICIONAL DE MATERIA--TÉRMINO DE MATERIA | |
| Término de materia o nombre geográfico como elemento de entrada | FORMACION DE DOCENTES |
| 650 #4 - PUNTO DE ACCESO ADICIONAL DE MATERIA--TÉRMINO DE MATERIA | |
| Término de materia o nombre geográfico como elemento de entrada | ACTIVIDADES DE APRENDIZAJE |
| 650 #4 - PUNTO DE ACCESO ADICIONAL DE MATERIA--TÉRMINO DE MATERIA | |
| Término de materia o nombre geográfico como elemento de entrada | AUTOEVALUACION |
| 650 #4 - PUNTO DE ACCESO ADICIONAL DE MATERIA--TÉRMINO DE MATERIA | |
| Término de materia o nombre geográfico como elemento de entrada | AGUA |
| 650 #4 - PUNTO DE ACCESO ADICIONAL DE MATERIA--TÉRMINO DE MATERIA | |
| Término de materia o nombre geográfico como elemento de entrada | ENERGIA HIDRAULICA |
| 653 ## - TÉRMINO DE INDIZACIÓN--NO CONTROLADO | |
| Término no controlado | EDUCACION PRIMARIA |
| 653 ## - TÉRMINO DE INDIZACIÓN--NO CONTROLADO | |
| Término no controlado | CONTENIDOS CURRICULARES |
| 700 1# - ENTRADA AGREGADA--NOMBRE PERSONAL | |
| Nombre de persona | Gotbeter, Gustavo Luis |
| Término indicativo de función/relación | supervisión |
| 942 ## - ELEMENTOS DE ENTRADA SECUNDARIOS (KOHA) | |
| Tipo de ítem Koha | Libros |
| 998 ## - INFORMACIÓN DE CONTROL LOCAL (RLIN) | |
| Iniciales del catalogador, CIN (RLIN) | Carmen |
| Estatus retirado | Estado de pérdida | Fuente de la clasificación o esquema de estantería | Estado de daño | No para préstamo | Biblioteca de origen | Biblioteca actual | Fecha de adquisición | Total de préstamos | Signatura topográfica completa | Código de barras | Visto por última vez | Precio de reemplazo | Tipo de ítem Koha | Restricciones de uso | Ubicación en estantería |
|---|---|---|---|---|---|---|---|---|---|---|---|---|---|---|---|
| Clasificación Decimal Dewey | Liberty | Liberty | 28/11/2025 | 372.85 IAI 2 | 114062 | 28/11/2025 | 28/11/2025 | Libros | |||||||
| Clasificación Decimal Dewey | Liberty | Liberty | 28/11/2025 | 372.85 IAI 2 | 114183 | 28/11/2025 | 28/11/2025 | Libros | |||||||
| Clasificación Decimal Dewey | Liberty | Liberty | 28/11/2025 | 372.85 IAI 2 | 128955 | 28/11/2025 | 28/11/2025 | Libros | |||||||
| Clasificación Decimal Dewey | No para préstamo | Liberty | Liberty | 28/11/2025 | 372.85 IAI 2 | 129179 | 28/11/2025 | 28/11/2025 | Libros | Acceso restringido |